000 00833nam a2200217 4500
008 050519s1971 nyuab b 001 0 eng
020 _a0155976338 :USD12.79
090 _aDG77
_bB81w
100 1 _aBrown, Peter Robert Lamont.
245 1 4 _aThe world of late antiquity, AD 150-750 /
_c[by] Peter Brown.
260 _a[New York] :
_bHarcourt Brace Jovanovich,
_c[1971]
300 _a216 p. :
_billus. (part col.), map.
_c21 cm.
490 1 _aHistory of European civilization library
504 _aIncludes bibliographical references.
650 4 _aCivilization, Ancient.
650 4 _aCivilization, Medieval.
651 4 _aByzantine Empire
_xCivilization
_y527-1081.
651 4 _aByzantine Empire
_xCivilization
_yTo 527.
651 4 _aRome
_xCivilization.
951 _p28374
_x00030786
_oDG77/B81w
_j070613111452531
_d2000-12-21
_cGC
999 _c23196
_d23196